Energy transfer and organic photochemistry
Guardat en:
| Autors principals: | , |
|---|---|
| Format: | Llibre |
| Idioma: | anglès |
| Publicat: |
Nueva York
John Wiley
1969
|
| Col·lecció: | Technique of organic chemistry, 14
|
| Matèries: | |
| Etiquetes: |
Afegir etiqueta
Sense etiquetes, Sigues el primer a etiquetar aquest registre!
|
MARC
| LEADER | 00000nam a2200000 a 4500 | ||
|---|---|---|---|
| 001 | UCT4089 | ||
| 003 | CL-VaPUC | ||
| 008 | 961108e19690000US |||||||||||||||||eng|d | ||
| 082 | 0 | 4 | |a 547.2 |b LAM |2 21 |
| 100 | 0 | |a Lamola, A. A |e author |9 373217 | |
| 700 | 0 | |a Turro, N. J |e author |9 373218 | |
| 245 | 1 | 0 | |a Energy transfer and organic photochemistry |
| 300 | |a 374 p | ||
| 942 | |c BK | ||
| 945 | |d 19961108 00:00:00 |a paguirre | ||
| 260 | |a Nueva York |b John Wiley |c 1969 | ||
| 650 | 0 | |a Química |9 259896 | |
| 650 | 7 | |a ENERGIA QUIMICA |2 CL-VaPUC |9 373219 | |
| 650 | 0 | |a Química orgánica |9 259426 | |
| 650 | 0 | |a Reacciones químicas |9 259438 | |
| 650 | 7 | |a REACCIONES FOTOQUIMICAS |2 CL-VaPUC |9 358481 | |
| 650 | 0 | |a Moléculas |9 259584 | |
| 583 | |a last modification |c 19961108 00:00:00 |k Rodrigo Vera | ||
| 490 | 0 | |a Technique of organic chemistry, 14 | |
| 999 | |c 253531 |d 253529 | ||
| 952 | |0 0 |1 0 |4 0 |6 547_200000000000000_LAM_1969 |7 0 |8 A |9 274429 |a BIBCUR |b BIBCUR |d 2019-11-19 |i 1786504 |o 547.2 LAM 1969 |p 1786504 |r 2025-04-22 |w 2019-11-19 |y BK |k QUI | ||